El doctor D. Miguel Juarez Celman, presidente de la Republica en el primer año de su gobierno (Record no. 153532)

MARC details
000 -LEADER
campo de control de longitud fija 00736nam a2200181 i 4500
001 - NÚMERO DE CONTROL
campo de control 153532
003 - IDENTIFICADOR DE NÚMERO DE CONTROL
campo de control ES-MaACL
005 - FECHA Y HORA DE LA ÚLTIMA TRANSACCIÓN
campo de control 20230906205253.0
008 - DATOS DE LONGITUD FIJA--INFORMACIÓN GENERAL
campo de control de longitud fija 981126s1887 ag |||| | spa d
040 ## - FUENTE DE CATALOGACIÓN
Centro catalogador/agencia de origen CCPB | B
Lengua de catalogación spa
Centro/agencia transcriptor CCPB | B
245 03 - MENCIÓN DEL TÍTULO
Título El doctor D. Miguel Juarez Celman, presidente de la Republica en el primer año de su gobierno
Resto del título : Octubre 1886-1887.
260 ## - PUBLICACIÓN, DISTRIBUCIÓN, ETC.
Lugar de publicación, distribución, etc. Buenos Aires :
Nombre del editor, distribuidor, etc. [s.n.],
Fecha de publicación, distribución, etc. 1887 (
Fabricante Imprenta "La Patria")
300 ## - DESCRIPCIÓN FÍSICA
Extensión 165 p. ;
Dimensiones 25 cm.
600 14 - PUNTO DE ACCESO ADICIONAL DE MATERIA--NOMBRE DE PERSONA
Nombre de persona Juárez Celman, Miguel.
9 (RLIN) 170533
651 #4 - PUNTO DE ACCESO ADICIONAL DE MATERIA--NOMBRE GEOGRÁFICO
Nombre geográfico Argentina-
Subdivisión general Política y gobierno-
Subdivisión cronológica 1860-1910.
9 (RLIN) 197866
852 ## - LOCALIZACIÓN
Ubicación ES-MaACL
Número de control de estantería T-481-F-4
Nota libre -- Enc. hol.
condición física -- Falto de la port. y desde la p. 52 al final
Nota libre -- Enc. en un vol. facticio
Holdings
Estatus retirado Estado de pérdida Estado de daño No para préstamo Colección Biblioteca de origen Biblioteca actual Ubicación en estantería Fecha de adquisición Total de préstamos Signatura topográfica completa Código de barras Visto por última vez Precio de reemplazo Tipo de ítem Koha
        Colección de folletos Biblioteca del Ateneo de Madrid Biblioteca del Ateneo de Madrid Depósito folletos 17/01/2008   T-481-F-4 1160497 23/02/2023 23/02/2023 Folleto